000 00736nam a22002055i 4500
001 54602
003 ES-MaACL
007 t|
008 960723q18951900xxk ||||1| eng d
040 _aCAM
_bspa
_cCAM
100 1 _aFroude, James Anthony.
_952757
245 1 4 _aThe dissolution of the monasteries and other essays
_b: by James Anthony Froude.
260 _aLondon :
_bGeorge Routledge & sons ;
_aNew York :
_bE. P. Dutton & co.,
_c[1895?] (
_ePlymouth :
_fWilliam Brendon and son)
300 _a[6], 258 p. ;
_c16 cm.
490 1 _aThe new universal library
500 _aFecha deducida del verso de la portada e índice.
830 0 _aThe new universal library
_9187927
852 _aES-MaACL
_jG-14913
999 _c54602
_d54602